Wireless communications and networking / (Record no. 425)
[ view plain ]
| 000 -LEADER | |
|---|---|
| fixed length control field | 00817nac a22002051u 4500 |
| 010 ## - LIBRARY OF CONGRESS CONTROL NUMBER | |
| LC control number | 2002284663 |
| 020 ## - INTERNATIONAL STANDARD BOOK NUMBER | |
| International Standard Book Number | 0130408646 |
| 082 00 - DEWEY DECIMAL CLASSIFICATION NUMBER | |
| Classification number | 621.382 |
| Item number | S7827 |
| 090 ## - LOCALLY ASSIGNED LC-TYPE CALL NUMBER (OCLC); LOCAL CALL NUMBER (OCLC) | |
| -- | 425 |
| -- | 425 |
| 100 ## - MAIN ENTRY--PERSONAL NAME | |
| Personal name | Stallings, William. |
| 245 10 - TITLE STATEMENT | |
| Title | Wireless communications and networking / |
| Statement of responsibility, etc | William Stallings. |
| 246 14 - VARYING FORM OF TITLE | |
| Title proper/short title | Wireless communications and networks |
| 260 ## - PUBLICATION, DISTRIBUTION, ETC. (IMPRINT) | |
| Place of publication, distribution, etc | Upper Saddle River, N.J. : |
| Name of publisher, distributor, etc | Prentice Hall, |
| Date of publication, distribution, etc | c2002. |
| 300 ## - PHYSICAL DESCRIPTION | |
| Extent | xii, 584 p. : |
| Other physical details | ill. ; |
| Dimensions | 24 cm. |
| 650 #0 - SUBJECT ADDED ENTRY--TOPICAL TERM | |
| Topical term or geographic name as entry element | Wireless communication systems. |
| 650 #0 - SUBJECT ADDED ENTRY--TOPICAL TERM | |
| Topical term or geographic name as entry element | Wireless LANs. |
| 856 41 - ELECTRONIC LOCATION AND ACCESS | |
| Materials specified | Table of contents |
| Uniform Resource Identifier | <a href="http://www.loc.gov/catdir/toc/fy032/2002284663.html">http://www.loc.gov/catdir/toc/fy032/2002284663.html</a> |
| 942 ## - ADDED ENTRY ELEMENTS (KOHA) | |
| Item type | Book - Borrowing |
| Call number prefix | 621.382S7827 |
| Withdrawn status | Item status | Source of classification or shelving scheme | Damaged status | Not for loan | Vendor | Home library | Current library | Shelving location | Date acquired | Source of acquisition | Cost, normal purchase price | Total Checkouts | Total Renewals | Full call number | Barcode | Date last seen | Date last borrowed | Cost, replacement price | Koha item type |
|---|---|---|---|---|---|---|---|---|---|---|---|---|---|---|---|---|---|---|---|
| Dewey Decimal Classification | Central Library | Central Library | First floor | 06/04/2013 | 250.00 | 5 | 57 | 621.382 STA | 000004200 | 15/07/2025 | 20/10/2019 | 312.50 | Book - Borrowing |